| 000 | 02055nam a2200349 a 4500 | ||
|---|---|---|---|
| 001 | ebr10333739 | ||
| 003 | CaPaEBR | ||
| 006 | m u | ||
| 007 | cr cn||||||||| | ||
| 008 | 081120s2009 lau sb s001 0 eng | ||
| 010 | _z 2008050688 | ||
| 020 | _z9780807134351 (cloth : alk. paper) | ||
| 020 | _z080713435X (cloth : alk. paper) | ||
| 040 |
_aCaPaEBR _cCaPaEBR |
||
| 035 | _a(OCoLC)646835757 | ||
| 050 | 1 | 4 |
_aPS173.A26 _bH43 2009eb |
| 100 | 1 | _aHebert-Leiter, Maria. | |
| 245 | 1 | 0 |
_aBecoming Cajun, becoming American _h[electronic resource] : _bthe Acadian in American literature from Longfellow to James Lee Burke / _cMaria Hebert-Leiter. |
| 260 |
_aBaton Rouge : _bLouisiana State University Press, _cc2009. |
||
| 300 | _ax, 200 p. | ||
| 490 | 1 | _aSouthern literary studies | |
| 504 | _aIncludes bibliographical references (p. 177-190) and index. | ||
| 505 | 0 | _aIntroduction: from Acadian to American: the paradox of Cajun American identity -- Longfellow's Evangeline: the origins of American myth and Cajun memory -- How to become American: the irony of George Washington Cable's Bonaventure -- The awakening awakened: Cajun identity and female sexuality in the fiction of Kate Chopin -- Our Cajun America: twentieth-century revisions of Cajun representation -- The journey home: James Lee Burke's parable of Cajun assimilation -- Embracing difference: Cajuns take the next step in Cajun representation -- Conclusion: local pride, global connections: twenty-first-century Cajuns. | |
| 533 |
_aElectronic reproduction. _bPalo Alto, Calif. : _cebrary, _d2013. _nAvailable via World Wide Web. _nAccess may be limited to ebrary affiliated libraries. |
||
| 650 | 0 |
_aAmerican literature _xHistory and criticism. |
|
| 650 | 0 | _aCajuns in literature. | |
| 650 | 0 | _aAcadians in literature. | |
| 655 | 7 |
_aElectronic books. _2local |
|
| 710 | 2 | _aebrary, Inc. | |
| 830 | 0 | _aSouthern literary studies. | |
| 856 | 4 | 0 |
_uhttp://site.ebrary.com/lib/rucke/Doc?id=10333739 _zAn electronic book accessible through the World Wide Web; click to view |
| 999 |
_c67531 _d67531 |
||